Alle 1.-3. Bundesliga Teams 24/25 - Statistics

General Stats
  • This quiz has been taken 191 times
  • The average score is 45 of 56
Answer Stats
Answer % Correct
Borussia Dortmund
100%
Borussia Dortmund II
100%
Bayern München
99%
Hamburger SV
97%
RB Leipzig
96%
VfL Wolfsburg
96%
Eintracht Frankfurt
95%
Hertha BSC
95%
1.FC Köln
94%
1. FC Union Berlin
93%
FC Schalke 04
93%
Holstein Kiel
93%
Mainz 05
93%
Werder Bremen
93%
Bayer Leverkusen
92%
Borussia Mönchengladbach
92%
Dynamo Dresden
92%
1. FC Nürnberg
91%
VfB Stuttgart
91%
1. FC Heidenheim
89%
FC St. Pauli
89%
SC Freiburg
89%
TSG Hoffenheim
89%
VfB Stuttgart II
89%
VfL Bochum
88%
FC Augsburg
85%
Fortuna Düsseldorf
85%
Hannover 96
84%
SV Elversberg
83%
1.FC Kaiserslautern
80%
Eintracht Braunschweig
80%
Hannover 96 II
80%
1860 München
78%
Arminia Bielefeld
77%
Greuther Fürth
77%
1. FC Saarbrücken
75%
Hansa Rostock
75%
Karlsruher SC
75%
Rot-Weiss Essen
75%
SV Darmstadt
74%
Preußen Münster
73%
SC Paderborn
73%
Alemannia Aachen
72%
Jahn Regensburg
72%
1. FC Magdeburg
70%
SSV Ulm
69%
SV Wehen Wiesbaden
67%
Energie Cottbus
66%
Waldhof Mannheim
63%
FC Ingolstadt
62%
VfL Osnabrück
62%
Erzgebirge Aue
61%
SV Sandhausen
57%
SC Verl
50%
SpVgg Unterhaching
49%
Viktoria Köln
45%
No matching quizzes found
Score Distribution
Percent of People with Each Score
Percentile by Number Answered
Your Score History
You have not taken this quiz